Normal view
MARC view
Entry Personal Name
001 - CONTROL NUMBER
- control field: 39037
003 - CONTROL NUMBER IDENTIFIER
- control field: dpl
005 - DATE AND TIME OF LATEST TRANSACTION
- control field: 20120112124153.0
008 - FIXED-LENGTH DATA ELEMENTS
- fixed length control field: 120112|||a|||||| | ||| d
040 ## - CATALOGING SOURCE
- Original cataloging agency: dpl
- Transcribing agency: dpl
100 ## - HEADING--PERSONAL NAME
- Personal name: त्रिपाठी, मधुसूदन
670 ## - SOURCE DATA FOUND
- Source citation: Work cat.: (dpl): सिंह, निशांत 39036, रोहित ज्ञान विज्ञान एन्साइक्लोपीडिया:, 2011
670 ## - SOURCE DATA FOUND
- Source citation: Work cat.: (dpl): सिंह, निशांत 39036, रोहित ज्ञान विज्ञान एन्साइक्लोपीडिया:, 2011
